00299pab a2200121 454500008004000000100002100040245003300061260000900094300001000103362001400113650002400127773002600151180718b1988 xxu||||| |||| 00| 0 eng d aFewsmith, Joseph aAgricultural crises in China c1988 a78-93 aNov.-Dec. aAgriculture - China aProblems of Communism